| 000 | 00947nam a22001815i 4500 | ||
|---|---|---|---|
| 001 | 158165 | ||
| 003 | ES-MaACL | ||
| 005 | 20251005063124.0 | ||
| 008 | 991027s1847 sp |||| | spa d | ||
| 040 |
_aCCPB | B _bspa _cCCPB | B |
||
| 100 | 1 |
_aLozano de Vílchez, Enriqueta, _d1829-1895 _9139689 |
|
| 245 | 1 | 4 |
_aUna actriz por amor _b: comedia en un acto y en verso / _coriginal de Enriqueta Lozano. |
| 260 |
_aGranada : _bImprenta y Librería de D. Francisco de Paula Ruiz, Editor, _c1847. |
||
| 300 |
_a36 p. ; _c23 cm. |
||
| 500 | _a"Representada en la sesión inaugural de competencia de la Sociedad Literaria y Artística de Granada, por los individuos de la Sección de Declamación, el 3 de julio de 1847" | ||
| 852 |
_aES-MaACL _jF-8579(10) _z-- Enc. pasta española. _q-- Falto de la cub. original _z-- Enc. en un vol. facticio formando parte de la col. faciticia "Teatro español moderno", vol. 32 |
||
| 999 |
_c158165 _d158165 |
||